000 00433nam a2200157Ia 4500
005 20251020182600.0
008 200515s9999 xx 000 0 und d
082 _aSC/331.86(85)/C28
100 _aCASTILLO BOLAÑOS, Enrique
245 0 _aAsistencia técnica internacional en formación profesional neta al Perú 1979 - 1980
260 _aLima
260 _c1981
300 _a91
650 _aFORMACION PROFESIONAL
942 _cLIB
999 _c3024
_d3024